Eastern Utah Libraries Catalog: Duchesne, Heber, Roosevelt, & Vernal

The night war / (Record no. 396366)

MARC details
000 -LEADER
fixed length control field 02406cam a22005778i 4500
001 - CONTROL NUMBER
control field on1390773760
003 - CONTROL NUMBER IDENTIFIER
control field OCoLC
005 - DATE AND TIME OF LATEST TRANSACTION
control field 20240506150554.0
008 - FIXED-LENGTH DATA ELEMENTS--GENERAL INFORMATION
fixed length control field 240208s2024 nyu c 000 1 eng
010 ## - LIBRARY OF CONGRESS CONTROL NUMBER
LC control number 2024001859
020 ## - INTERNATIONAL STANDARD BOOK NUMBER
International Standard Book Number 9780735228566
Qualifying information (hardcover)
020 ## - INTERNATIONAL STANDARD BOOK NUMBER
International Standard Book Number 0735228566
Qualifying information (hardcover)
020 ## - INTERNATIONAL STANDARD BOOK NUMBER
Cancelled/invalid ISBN 9780735228580
Qualifying information (epub)
035 ## - SYSTEM CONTROL NUMBER
System control number (OCoLC)1390773760
040 ## - CATALOGING SOURCE
Original cataloging agency DLC
Language of cataloging eng
Description conventions rda
Transcribing agency DLC
Modifying agency OCLCO
-- CHILD
-- JBL
-- OCO
-- DYJ
-- OCLCO
-- RNL
-- OCLCO
-- IK2
-- MWD
-- UOK
042 ## - AUTHENTICATION CODE
Authentication code pcc
043 ## - GEOGRAPHIC AREA CODE
Geographic area code e-fr---
049 ## - LOCAL HOLDINGS (OCLC)
Holding library UOKA
050 00 - LIBRARY OF CONGRESS CALL NUMBER
Classification number PZ7.B7247
Item number Ni 2024
082 00 - DEWEY DECIMAL CLASSIFICATION NUMBER
Classification number [Fic]
Edition number 23
092 ## - LOCALLY ASSIGNED DEWEY CALL NUMBER (OCLC)
Classification number junior fiction
Item number Bradley
100 1# - MAIN ENTRY--PERSONAL NAME
Personal name Bradley, Kimberly Brubaker
Relator term author.
9 (RLIN) 45589
245 14 - TITLE STATEMENT
Title The night war /
Statement of responsibility, etc by Kimberly Brubaker Bradley.
263 ## - PROJECTED PUBLICATION DATE
Projected publication date 2404
264 #1 - Production, Publication, Distribution, Manufacture, and Copyright Notice.
Place of production, publication, distribution, manufacture New York :
Name of producer, publisher, distributor, manufacturer Dial Books for Young Readers,
Date of production, publication, distribution, manufacture, or copyr 2024.
300 ## - PHYSICAL DESCRIPTION
Extent 284 pages ;
Dimensions 22 cm.
336 ## - Content Type
Content type term text
337 ## - Media type
Media type term unmediated
338 ## - Carrier type
Carrier type term volume
520 ## - SUMMARY, ETC.
Summary, etc "During World War II, twelve-year old Miriam secretly spirits other Jewish people out of Nazi-occupied France after being separated from her family and forced into hiding"--
521 ## - TARGET AUDIENCE NOTE
Target audience note Ages 9-12 years.
Source Dial Books for Young Readers.
650 #0 - SUBJECT ADDED ENTRY--TOPICAL TERM
Topical term or geographic name as entry element World War, 1939-1945
Form subdivision Fiction
9 (RLIN) 5674351
650 #0 - SUBJECT ADDED ENTRY--TOPICAL TERM
Topical term or geographic name as entry element Jews
Geographic subdivision France
Form subdivision Juvenile fiction.
9 (RLIN) 6487144
650 #0 - SUBJECT ADDED ENTRY--TOPICAL TERM
Topical term or geographic name as entry element Jewish children in the Holocaust
Form subdivision Juvenile fiction.
9 (RLIN) 6487145
650 #0 - SUBJECT ADDED ENTRY--TOPICAL TERM
Topical term or geographic name as entry element Holocaust, Jewish (1939-1945)
Form subdivision Juvenile fiction
9 (RLIN) 5784919
650 #0 - SUBJECT ADDED ENTRY--TOPICAL TERM
Topical term or geographic name as entry element Missing persons
Form subdivision Juvenile fiction
9 (RLIN) 5674681
650 #0 - SUBJECT ADDED ENTRY--TOPICAL TERM
Topical term or geographic name as entry element Friendship
Form subdivision Juvenile fiction
9 (RLIN) 5673647
650 #0 - SUBJECT ADDED ENTRY--TOPICAL TERM
Topical term or geographic name as entry element Families
Form subdivision Juvenile fiction
9 (RLIN) 5674031
650 #1 - SUBJECT ADDED ENTRY--TOPICAL TERM
Topical term or geographic name as entry element Jewish girls
Form subdivision Fiction.
9 (RLIN) 5719026
650 #1 - SUBJECT ADDED ENTRY--TOPICAL TERM
Topical term or geographic name as entry element Holocaust, Jewish (1939-1945)
Form subdivision Fiction.
9 (RLIN) 5694983
650 #1 - SUBJECT ADDED ENTRY--TOPICAL TERM
Topical term or geographic name as entry element Jewish children in the Holocaust
Form subdivision Fiction.
9 (RLIN) 6380034
650 #1 - SUBJECT ADDED ENTRY--TOPICAL TERM
Topical term or geographic name as entry element Missing persons
Form subdivision Fiction.
650 #1 - SUBJECT ADDED ENTRY--TOPICAL TERM
Topical term or geographic name as entry element Friendship
Form subdivision Fiction.
9 (RLIN) 5673769
651 #0 - SUBJECT ADDED ENTRY--GEOGRAPHIC NAME
Geographic name France
General subdivision History
Chronological subdivision German occupation, 1940-1945
Form subdivision Juvenile fiction.
9 (RLIN) 5754325
651 #1 - SUBJECT ADDED ENTRY--GEOGRAPHIC NAME
Geographic name France
General subdivision History
Chronological subdivision German occupation, 1940-1945
Form subdivision Fiction.
9 (RLIN) 5706960
655 #7 - INDEX TERM--GENRE/FORM
Genre/form data or focus term Historical fiction
Source of term lcgft
655 #7 - INDEX TERM--GENRE/FORM
Genre/form data or focus term War fiction
Source of term lcgft
9 (RLIN) 5706961
655 #7 - INDEX TERM--GENRE/FORM
Genre/form data or focus term Novels
Source of term lcgft
776 08 - ADDITIONAL PHYSICAL FORM ENTRY
Display text Online version:
Main entry heading Bradley, Kimberly Brubaker.
Title Night war
Place, publisher, and date of publication New York : Dial Books for Young Readers, 2024
International Standard Book Number 9780735228580
Record control number (DLC) 2024001860
942 ## - ADDED ENTRY ELEMENTS (KOHA)
Source of classification or shelving scheme Dewey Decimal Classification
Koha item type BOOK
Holdings
Withdrawn status Lost status Source of classification or shelving scheme Damaged status Not for loan Collection code Home library Current library Shelving location Date acquired Source of acquisition Total Checkouts Total Renewals Full call number Barcode Date last seen Date checked out Cost, replacement price Price effective from Koha item type
    Dewey Decimal Classification     Junior Fiction Wasatch County Library Wasatch County Library Main Floor Junior Area 05/06/2024 Micromarketing 2 2 J Bradley 34301002075168 06/26/2025 06/03/2025 17.99 05/06/2024 BOOK
This project was made possible through a grant from the Institute of Museum and Library Service administered by the Utah State Library Division.

Wasatch County Library

  • 465 East 1200 South, Heber City, Utah 84032
  • Phone 435-654-1511 | Fax 435-654-6456

Hours

  • Monday - Friday 9:30 AM - 8:00 PM
  • Saturday 9:30 AM - 1:30 PM
  • Closed Sundays and Holidays